Судьба поэта: (материалы к читательской конференции по книге Ю. А. Карабчиевского "Воскресение Маяковского"); Библиотеки учебных заведений; № 14

التفاصيل البيبلوغرافية
Parent link:Библиотеки учебных заведений: научно-методический журнал.— , 2005
№ 14.— 2005.— С. 47-54
المؤلف الرئيسي: Ерахторина О. М. Ольга Михайловна
اللغة:الروسية
منشور في: 2005
سلاسل:Пропаганда книги
الموضوعات:
التنسيق: MixedMaterials فصل الكتاب
KOHA link:https://koha.lib.tpu.ru/cgi-bin/koha/opac-detail.pl?biblionumber=399110

MARC

LEADER 00000naa2a2200000 4500
001 399110
005 20231101065154.0
035 |a (RuTPU)RU\TPU\prd\40097 
035 |a RU\TPU\prd\40090 
090 |a 399110 
100 |a 20051205a2005 k y0rusy50 ca 
101 0 |a rus 
102 |a RU 
200 1 |a Судьба поэта  |e (материалы к читательской конференции по книге Ю. А. Карабчиевского "Воскресение Маяковского")  |f О. М. Ерахторина 
225 1 |a Пропаганда книги 
461 0 |0 (RuTPU)RU\TPU\prd\39949  |t Библиотеки учебных заведений  |o научно-методический журнал  |d 2005 
463 0 |0 (RuTPU)RU\TPU\prd\39951  |t № 14  |v С. 47-54  |d 2005 
610 1 |a библиотеки 
610 1 |a фонды 
610 1 |a пропаганда 
610 1 |a читательские конференции 
610 1 |a творчество Маяковского 
700 1 |a Ерахторина  |b О. М.  |g Ольга Михайловна 
801 1 |a RU  |b 63413507  |c 20051205  |g PSBO 
801 2 |a RU  |b 63413507  |c 20051205  |g PSBO 
942 |c BK